000
002690000a22000970004500
100
1
_a
Finley, T.J.
245
1
0
_a
"The apple of his eye" (Babat 'ênô) in Zechariah 2:12
300
_a
38, Num. 3 (Julio, 1988), Páginas 337-338
773
0
_t
Vetus Testamentum
942
_c
ANA
999
_c
57426
_d
57426